000
00251nam a2200109Ia 4500
008
220216s9999 xx 000 0 und d
100
_a
Mathews P.M.
245
0
_a
Mannil rasavlangal cherkkumbol
260
_b
Rubber
_c
2010
300
_a
14
942
_c
BS
999
_c
49597
_d
49597